00316nam a2200121Ia 4500008004100000041000800041082001400049100001600063245004500079260003200124300003100156365000700187240624s9999 xx 000 0 und d aeng a658.4 SAR aSARDANA G D aKNOWLEDGE CREATION AND ORGANIZATIONAL WE c2017aNew DelhibBloomsbury axiv, : 402 : p. : cm. ; 23 cRS